[Event "Havana Province-ch U14 Girls"]
[Site "Havana"]
[Date "2010.03.24"]
[Round "3"]
[White "Rodriguez Perez, Roxalia"]
[Black "Rodriguez Caballero, Mayrelis"]
[Result "0-1"]
[WhiteElo "1923"]
[BlackElo "1914"]
[PlyCount "82"]
[EventDate "2010.03.21"]
[EventType "tourn"]
[EventRounds "13"]
[EventCountry "CUB"]
[EventCategory "1"]
[SourceTitle "EXT 2012"]
[Source "ChessBase"]
[SourceDate "2011.11.24"]
[SourceVersion "1"]
[SourceVersionDate "2011.11.24"]
[SourceQuality "1"]

1. e4 e5 2. Nf3 Nc6 3. Bc4 Nf6 4. d3 Bc5 5. Bg5 h6 6. Bh4 d6 7. h3 Be6 8. Bb3 Bxb3 9. axb3 Qe7 10. Nc3 Qe6 11. Qd2 g5 12. Bg3 a6 13. Nh2 0-0-0 14. 0-0 Nh5 15. Ne2 Nf4 16. Kh1 f5 17. f3 Nxe2 18. Qxe2 f4 19. Bf2 Bxf2 20. Qxf2 h5 21. Kg1 Nd4 22. Qd2 Rh7 23. Kf2 d5 24. exd5 Qxd5 25. Ke1 Re7 26. Kd1 Qc6 27. Qc3 Qf6 28. Rf2 Nb5 29. Qe1 e4 30. fxe4 Qxb2 31. Kd2 Qc3+ 32. Ke2 Qxc2+ 33. Kf1 Qxd3+ 34. Kg1 Rxe4 35. Qb1 Qxb1+ 36. Rxb1 Nc3 37. Ra1 Ne2+ 38. Kf1 Ng3+ 39. Kg1 Red4 40. Nf1 Rd1 41. Rxd1 Rxd1 0-1

[Event "Havana-ch phase1 (Women)"]
[Site "Havana"]
[Date "2009.10.15"]
[Round "10"]
[White "Rodriguez Perez, Roxalia"]
[Black "Romero Nunez, Wendy"]
[Result "1/2-1/2"]
[WhiteElo "1994"]
[BlackElo "2058"]
[PlyCount "93"]
[EventDate "2009.10.03"]
[EventType "tourn"]
[EventRounds "11"]
[EventCountry "CUB"]
[EventCategory "1"]
[SourceTitle "EXT 2012"]
[Source "ChessBase"]
[SourceDate "2011.11.24"]
[SourceVersion "1"]
[SourceVersionDate "2011.11.24"]
[SourceQuality "1"]

1. e4 c6 2. d4 d5 3. Nc3 dxe4 4. Nxe4 Nf6 5. Nxf6+ gxf6 6. Be3 Bf5 7. Qd2 e6 8. Ne2 Nd7 9. 0-0-0 Nb6 10. Nc3 Qc7 11. Bd3 Bxd3 12. Qxd3 0-0-0 13. Qe2 Nd5 14. Ne4 f5 15. Ng5 h6 16. Nf3 Qa5 17. Kb1 Nb4 18. Qc4 Qd5 19. Qxd5 Nxd5 20. Ne5 Rh7 21. Bd2 Nb6 22. c3 f6 23. Nf3 Rhd7 24. Bf4 e5 25. Bd2 Nc4 26. Kc2 h5 27. b3 Nxd2 28. Rxd2 Bh6 29. Re2 e4 30. Nh4 Rd5 31. c4 Rxd4 32. Nxf5 Rd2+ 33. Rxd2 Bxd2 34. Rd1 Bb4 35. Rxd8+ Kxd8 36. Ng3 h4 37. Nxe4 Ke7 38. Nd2 Bc5 39. Ne4 Bb6 40. f3 Bc7 41. h3 Ke6 42. Kd2 Kf5 43. Ke2 Be5 44. Ke3 b6 45. Nd2 c5 46. Ne4 Bd4+ 47. Ke2 1/2-1/2

[Event "Havana-ch phase1 (Women)"]
[Site "Havana"]
[Date "2009.10.07"]
[Round "5"]
[White "Rodriguez Perez, Roxalia"]
[Black "Castillo Coca, Mairebys"]
[Result "0-1"]
[WhiteElo "1994"]
[BlackElo "2088"]
[PlyCount "100"]
[EventDate "2009.10.03"]
[EventType "tourn"]
[EventRounds "11"]
[EventCountry "CUB"]
[EventCategory "1"]
[SourceTitle "EXT 2012"]
[Source "ChessBase"]
[SourceDate "2011.11.24"]
[SourceVersion "1"]
[SourceVersionDate "2011.11.24"]
[SourceQuality "1"]

1. e4 c5 2. Nc3 Nc6 3. f4 e6 4. Nf3 d5 5. exd5 exd5 6. Be2 Nf6 7. d3 Bd6 8. 0-0 0-0 9. Bd2 a6 10. Re1 b5 11. Qc1 Re8 12. Nd1 Qc7 13. Nf2 Bb7 14. c4 d4 15. b3 Re7 16. Ng5 Nd8 17. Bf3 Rxe1+ 18. Qxe1 Bxf3 19. Nxf3 Bxf4 20. Ne4 Ne6 21. Nxf6+ gxf6 22. Qe4 Rd8 23. Re1 Bxd2 24. Nxd2 Qf4 25. Nf3 bxc4 26. bxc4 Qxe4 27. Rxe4 Rb8 28. Re2 a5 29. Rc2 a4 30. g3 Ng5 31. Nd2 Re8 32. h4 Ne6 33. Rb2 f5 34. Rb5 h5 35. Ra5 Rb8 36. Kf1 Rb2 37. Nf3 Rxa2 38. Ne5 a3 39. Ke1 f4 40. gxf4 Nxf4 41. Kd1 Ra1+ 42. Kc2 Ne2 43. Kb3 a2 44. Kb2 Rb1+ 45. Kc2 a1Q 46. Rxa1 Rxa1 47. Kd2 Ra2+ 48. Kd1 Nc3+ 49. Ke1 Re2+ 50. Kf1 Rxe5 0-1

[Event "Havana Province-ch sf (Women)"]
[Site "Havana"]
[Date "2009.09.27"]
[Round "9"]
[White "Rodriguez Caballero, Mayrelis"]
[Black "Rodriguez Perez, Roxalia"]
[Result "1/2-1/2"]
[WhiteElo "1938"]
[BlackElo "1994"]
[PlyCount "41"]
[EventDate "2009.09.19"]
[EventType "swiss"]
[EventRounds "9"]
[EventCountry "CUB"]
[EventCategory "1"]
[SourceTitle "EXT 2012"]
[Source "ChessBase"]
[SourceDate "2011.11.24"]
[SourceVersion "1"]
[SourceVersionDate "2011.11.24"]
[SourceQuality "1"]

1. e4 c5 2. d4 cxd4 3. c3 dxc3 4. Nxc3 Nc6 5. Nf3 d6 6. Bc4 Nf6 7. 0-0 g6 8. h3 Bg7 9. Be3 0-0 10. Qd2 Bd7 11. Bh6 Rc8 12. Bb3 Na5 13. Bxg7 Kxg7 14. Rfe1 Nxb3 15. axb3 a6 16. Re3 Bc6 17. Nd4 Qb6 18. Rd1 Rfd8 19. Nxc6 Qxc6 20. Nd5 Nxd5 21. exd5 1/2-1/2

[Event "Havana Province-ch sf (Women)"]
[Site "Havana"]
[Date "2009.09.25"]
[Round "7"]
[White "Roca Rojas, Ana Flavia"]
[Black "Rodriguez Perez, Roxalia"]
[Result "1/2-1/2"]
[WhiteElo "1934"]
[BlackElo "1994"]
[PlyCount "39"]
[EventDate "2009.09.19"]
[EventType "swiss"]
[EventRounds "9"]
[EventCountry "CUB"]
[EventCategory "1"]
[SourceTitle "EXT 2012"]
[Source "ChessBase"]
[SourceDate "2011.11.24"]
[SourceVersion "1"]
[SourceVersionDate "2011.11.24"]
[SourceQuality "1"]

1. e4 c5 2. Nf3 d6 3. d4 cxd4 4. Nxd4 Nf6 5. Nc3 g6 6. Be2 Bg7 7. Be3 Nc6 8. 0-0 0-0 9. Nb3 Bd7 10. f4 Re8 11. Bf3 Qc8 12. h3 Rd8 13. Qe1 Be6 14. Nd5 Bxd5 15. exd5 Nb8 16. c3 Nbd7 17. Qf2 b6 18. Nd4 Nc5 19. Nc6 Re8 20. Bd4 1/2-1/2